Diputación Provincial de Barcelona. Servicio de Cartografía y Fotogrametría : ... ponemos a su disposición ... ponemos a su disposición
Descripción Física:
[11] p. : il., principalment col. ; 24 cm
MARC
| LEADER | 00000nam a2200000Ia 4500 | ||
|---|---|---|---|
| 001 | 14961 | ||
| 008 | 160829s9999 xx 000 0 cat d | ||
| 080 | |a FU-31-70 | ||
| 110 | 1 | |a Barcelona (Catalunya : Província). |b Servicio de Cartografía y Fotogrametría |9 55232 | |
| 245 | |a Diputación Provincial de Barcelona. Servicio de Cartografía y Fotogrametría : |b ... ponemos a su disposición | ||
| 260 | |a Barcelona : |b [el Servicio], [1975] | ||
| 300 | |a [11] p. : |b il., principalment col. ; |c 24 cm | ||
| 650 | |a Barcelona. Diputació. Servei de Cartografia i Fotogrametria |x Catàlegs |9 37710 | ||
| 650 | |a Cartografia |x Catalunya |x Catàlegs |9 37711 | ||
| 650 | |a Fotogrametria |x Catalunya |x Catàlegs |9 37712 | ||
| 901 | |a Arxiu | ||
| 942 | |n 1 | ||
| 952 | |0 0 |1 0 |4 0 |6 FU3170 |7 1 |9 49127 |a Arxiu |b Arxiu |d 2016-12-01 |l 0 |o FU-31-70 |p 14961 |r 2016-12-01 00:00:00 |w 2016-12-01 |y ARXIU | ||
| 999 | |c 52965 |d 52965 | ||